000 00387nam a2200145Ia 4500
008 230917s9999||||xx |||||||||||||| ||und||
040 _e42636
_aMAIN
041 _aEnglish
082 _a820.9 G767L
100 _aGrant, Patrick
245 0 _aLiterature and the discovery of method in the English renaissance
260 _aLondon
_bMacmillan
_c1985
300 _aix, 188 p.
942 _cBK
999 _c55517
_d55517